1560 1040 1261 1032 1803 1524 1466 1024 1440 1472 1696 1204 1825 1696 1360 1279 1865 1027 1928 1123 1278 1478 1012 1497 1473 1451 1054 1839 1390 1313 1443 1670 1912 1434 1758 1569 1205 1781 1550 1671 1247 1192 1778 1181 1564 1918 1087 1315 1284 1839 1307 1078 1455 1730 1136 1027 1523 1686 1250 1468 1362 1823 1973 1450 1887 1299 1696 1705 1236 1156 1835 1757 1403 1658 1310 1468 1511 1123 1428 1741 1862 1509 1416 1709 1649 1026 1048 1841 1226 1105 1625 1209 1864 1620 1906 1607 1399 1325 1330 BCNSPRNW ULIB Ver.6.0+V

เปลี่ยนเป็นภาษาไทย

Change to English
 แสดงรายละเอียดบรรณานุกรม
  กลับหน้าหลัก

Brief Record : Get Marc (ISO 2709) : E-mail record : QR code < ปิดหน้าต่าง
LEADER : 00000nam 2200000uu 4500
001    13399112711
003     ULIB
008    110905s2544||||th 000 0 tha d
050 04 LB1JT3^bน266ร 2544
110 1  มหาวิทยาลัยนเรศวร
245 00 รายงานประจำปี มหาวิทยาลัยนเรศวร 2544 /^cมหาวิทยาลัยนเรศวร
260    พิษณุโลก :^bมหาวิทยาลัยนเรศวร,^c2544
300    103 หน้า:^bภาพประกอบสี
650  7 รายงานประจำปี
650  7 มหาวิทยาลัยนเรศวร
945    ^p0^l0^i014545
995    ทศพร
999 ^a ทศพร
รายการนี้ยังไม่มีแท็ก
คุณยังไม่ได้ล็อกอิน คุณสามารถมีกิจกรรมร่วมกับเว็บไซต์ได้ แต่ต้องล็อกอินก่อน ::
  ล็อกอิน

รายการสื่อสารสนเทศ

ลำดับที่ ประเภท เลขเรียก/บาร์โค้ด สถานที่ สถานะ
- ไม่พบข้อมูล -

รายการใกล้เคียง
    หัวเรื่อง [รายงานประจำปี]
    หัวเรื่อง [มหาวิทยาลัยนเรศวร]

BibComment


ยังไม่เคยถูกคอมเมนท์

คอมเมนท์ทรัพยากรรายการนี้
  คอมเมนท์: รายงานประจำปี มหา..


 Copyright 2026. Bcnsprnw @Library